Multiple Choice City Quiz – Brussels - Statistics

General Stats
  • This quiz has been taken 13,627 times
  • The average score is 8 of 10
Answer Stats
Question Answer % Correct
One of Brussels' most recognized landmarks is Manneken Pis. What is it? A small scuplture of a boy peeing
94%
Brussels is considered the de-facto capital of ... The European Union
94%
Which of these foods is Brussels well-known for? Waffle
94%
What is the other official language of Brussels besides French? Dutch
83%
Which of these sculptures was built in Brussels for the 1958 World's Fair?
80%
How is Brussels spelled in French, its most-spoken language? Bruxelles
80%
Which of these characters was invented by a person from Brussels? Tintin
77%
Every other year, volunteers from around Belgium build a "carpet" in Brussels' central square. What is it made of? Flowers
70%
Which of these international organizations is headquartered in Brussels? NATO
67%
Which of these is NOT the same species of plant as a Brussels sprout? Spinach
53%
No matching quizzes found
Score Distribution
Percent of People with Each Score
Percentile by Number Answered
Your Score History
You have not taken this quiz